000 00296nam a2200121Ia 4500
008 190216s9999||||xx |||||||||||||| ||und||
100 _aJohn L Poll And Bernard Crasemann
245 0 _aQuantum Mechanics
260 _bNarosa Pubs House
_c1961
300 _a508p
650 _aPhysics
942 _cBK
999 _c33524
_d33524